| 000 -LEADER |
| fixed length control field |
00817pab a2200181 454500 |
| 008 - FIXED-LENGTH DATA ELEMENTS--GENERAL INFORMATION |
| fixed length control field |
180718b2001 xxu||||| |||| 00| 0 eng d |
| 100 ## - MAIN ENTRY--PERSONAL NAME |
| Personal name |
Basu, Kaushik |
| 245 ## - TITLE STATEMENT |
| Title |
India and the global economy: role of culture, norms and beliefs |
| 260 ## - PUBLICATION, DISTRIBUTION, ETC. |
| Date of publication, distribution, etc. |
2001 |
| 300 ## - PHYSICAL DESCRIPTION |
| Extent |
p.3837-842 |
| 362 ## - DATES OF PUBLICATION AND/OR SEQUENTIAL DESIGNATION |
| Dates of publication and/or sequential designation |
6 Oct |
| 520 ## - SUMMARY, ETC. |
| Summary, etc. |
The roots of India's prolonged economic stagnation and the glimmer of hope that one notices on the horizon today cannot be fully understood if one ignores the variables that conventional analysis has taught us to ignore - the social norms, culture, beliefs, and the fabric of social interaction. - Reproduced |
| 650 ## - SUBJECT ADDED ENTRY--TOPICAL TERM |
| Topical term or geographic name entry element |
Culture - India |
| 650 ## - SUBJECT ADDED ENTRY--TOPICAL TERM |
| Topical term or geographic name entry element |
Economic and social development - India |
| 650 ## - SUBJECT ADDED ENTRY--TOPICAL TERM |
| Topical term or geographic name entry element |
Economic and social development |
| 773 ## - HOST ITEM ENTRY |
| Main entry heading |
Economic and Political Weekly |
| 909 ## - |
| -- |
50222 |